000 00511ntaaa2200193 4500
003 01
005 20251027202649.0
008 0714s1973 ag 01
040 _aAR-BaBN
_bspa
_cAR-BaBN
_eaacr
_dRIC
082 _a395.2200 Sw1
100 _aSwadley, Elizabeth
_917090
245 _aYour christian wedding
250 _a1 ed.
260 _aNashville :
_bBroadman Press,
_cc1966
300 _a138 p
500 _aOrientación sobre la preparación para la boda cristiana
650 _aboda
_926163
942 _cBK
999 _c21838
_d21838